| 000 | 00804nam a22002297a 4500 | ||
|---|---|---|---|
| 942 | _cBK | ||
| 999 |
_c853 _d853 |
||
| 005 | 20250420134826.0 | ||
| 008 | 230803b ||||| |||| 00| 0 eng d | ||
| 020 | _a9781337562522 | ||
| 040 | _cKCST | ||
| 082 |
_2428.24 _aCh Pa |
||
| 100 |
_aChase, Becky Tarver _95764 |
||
| 110 |
_aNational Geographic Learning _95765 |
||
| 245 |
_aPathways : _blistening, speaking and critical thinking / _cBecky Tarver Chase |
||
| 250 |
_a2 _bvol. 2 |
||
| 260 |
_aBoston, MA, 2018: _bNational Geographic Learning; _c2018 |
||
| 300 | _a228 p. | ||
| 650 |
_aEnglish language _vEnglish language Study and teaching Foreign speakers _95766 |
||
| 650 |
_aEnglish language Textbooks for foreign speakers _vTextbooks for foreign speakers _95767 |
||
| 710 |
_aNational Geographic Learning _95765 |
||
| 942 | _2ddc | ||